| 000 | 00886nam a22002777a 4500 | ||
|---|---|---|---|
| 999 |
_c173012 _d173012 |
||
| 005 | 20200220170046.0 | ||
| 010 | _aENG-127856 | ||
| 020 |
_c550.00 _a9780199489862 |
||
| 035 | _aEN-111388 | ||
| 037 | _bDBAD/PUB | ||
| 082 | _aN | ||
| 100 | _aRay, Annada Shankar | ||
| 245 |
_aBasanti: _bwriting the new women/ _cby Annada Shankar Ray ...[et al];translated by Mohapatra,Himansu S.and Pierre,Paul St |
||
| 260 |
_aNew Delhi _c2019 _bOxford University Press |
||
| 270 |
_a2/11, Ground floor, Ansari Road, Darya Ganj, _e110002 _bNew Delhi |
||
| 300 |
_axxix;246p. _b22cm(pbk) |
||
| 700 | _aDas,Baishnab Charan | ||
| 700 | _aMahapatra, Harihar | ||
| 700 | _aPanigrahi,Kalindi Charan | ||
| 700 | _aMahanti,Muralidhar Mahanti | ||
| 700 | _aPrativa Devi | ||
| 700 | _aSarala Devi | ||
| 700 | _aMukherjee,Sarat Chandra | ||
| 700 | _aSuprava Devi | ||
| 942 |
_2ddc _cEN _hBAS _kN |
||